000 01304nam a22002177a 4500
999 _c59769
_d59769
003 Ge_BSU
005 20230412111956.0
008 230412s1984 ge ||||| |||| 00| 0 geo d
041 _ageo
080 _a572.7(479.22):903.27:73(479.22) ჯ-14
100 _aჯავახიშვილი, გ.
_91555
245 _aანთროპომორფული პლასტიკა წარმართული ხანის საქართველოში :
_b(ნეოლითი-გვიან ანტიკური ხანა) /
_cგ. ჯავახიშვილი; რედაქტორი პ. ზაქარაია.
264 _aთბილისი:
_bთსუ გამ–ბა,
_c1984.
300 _a116 გვ.:
_b+ ტაბულები;
_c20 სმ.
520 _aრეზიუმე ქართულ და რუსულ ენებზე.
653 _aანთროპომორფოლოგია
653 _aანთროპომორფული პლასტიკა საქართველოში
653 _aარქეოლოგიური გათხრები საქართველოში
700 _aზაქარაია, პ.
_eრედაქტორი
_9305
942 _2udc
_cBK